| 000 | 01186 a2200301 4500 | ||
|---|---|---|---|
| 005 | 20250417065644.0 | ||
| 020 | _a047173828X | ||
| 020 | _a9780471738282 | ||
| 050 | 0 | 0 |
_aSB321 _bMAY 2006 |
| 100 | 1 |
_aMaynard, Donald N., _d1932- |
|
| 245 | 1 | 0 |
_aKnott's handbook for vegetable growers / _cDonald N. Maynard, George J. Hochmuth. |
| 250 | _aFifth edition | ||
| 264 |
_aHoboken, N.J. : _b J. Wiley, _cc2007 |
||
| 300 |
_axv, 621 pages : _billustrations. |
||
| 336 |
_2rdacontent _atext _btxt |
||
| 337 |
_2rdamedia _aunmediated _bn |
||
| 338 |
_2rdacarrier _avolume _bnc |
||
| 504 | _aIncludes bibliographical references and index. | ||
| 650 | 0 | _aTruck farming | |
| 650 | 0 | _aVegetables | |
| 650 | 0 | _aVegetable gardening | |
| 700 | 1 |
_aHochmuth, George J. _q(George Joseph) _eauthor |
|
| 700 | 1 |
_aKnott, James Edward, _d1897-1977. _qauthor |
|
| 856 | 4 | 1 |
_3Table of contents only _uhttp://www.loc.gov/catdir/toc/ecip066/2006000893.html |
| 856 | 4 | 2 |
_3Contributor biographical information _uhttp://www.loc.gov/catdir/enhancements/fy0826/2006000893-b.html |
| 856 | 4 | 2 |
_3Publisher description _uhttp://www.loc.gov/catdir/enhancements/fy0826/2006000893-d.html |
| 942 |
_2lcc _cBK _h321 _iMAY _kSB |
||
| 999 |
_c5754 _d5754 |
||